[Event "Leverkusen-ch op 14th"]
[Site "Leverkusen"]
[Date "2002.03.11"]
[Round "5"]
[White "Sonnberger, Dirk"]
[Black "Elsweiler, Karl Heinz"]
[Result "0-1"]
[WhiteElo "1384"]
[BlackElo "1642"]
[PlyCount "60"]
[EventDate "2002.01.14"]
[EventType "swiss"]
[EventRounds "9"]
[EventCountry "GER"]
[SourceTitle "EXT 2004"]
[Source "ChessBase"]
[SourceDate "2003.11.25"]
[SourceVersion "1"]
[SourceVersionDate "2003.11.25"]
[SourceQuality "1"]

1. d4 Nf6 2. c4 d6 3. Nc3 g6 4. e4 Bg7 5. Nf3 0-0 6. Bg5 h6 7. Bf4 Nbd7 8. Qc2 Nh5 9. g3 b6 10. Bd3 c5 11. d5 Ne5 12. Qe2 Bg4 13. Bxe5 Bxe5 14. Qe3 Bg7 15. h3 Bxf3 16. Qxf3 Nf6 17. 0-0-0 Nd7 18. Bc2 Qc8 19. g4 Qa6 20. Kb1 Qxc4 21. Ne2 Ne5 22. Qe3 Qb5 23. Nc3 Qd7 24. f4 Nc4 25. Qf3 b5 26. b3 Na3+ 27. Kc1 c4 28. b4 a5 29. f5 axb4 30. fxg6 Bxc3 0-1